00318nam a2200133Ia 4500008004100000041000800041082001500049100001500064245002400079250001400103260003200117300002400149365001100173240624s9999 xx 000 0 und d aeng a658.85 REI aREILLY TOM aVALUE ADDED SELLING a(3rd ed.) aNew DelhibTata McGraw-Hill a277 : p. : cm. ; 24 cRSb33